Statistics for Harrison Kooyer

Click here to take the quiz!

General Stats

  • This quiz has been taken 9 times
  • The average score is 4 of 15

Answer Stats

HintAnswer% Correct
Harrisons favorite character?Huggy Wuggy
86%
What is harrisons favorite naughty naughty film?2 girls 1 cup
57%
What does harrison want to be when he grows up?Dolphin trainer
43%
What is harrisons best subject in school?Math
43%
What is harrison?A baddie
29%
What does harrison do every morning?Make his bed
29%
Who is harrisons favorite person?Sam hoffman
29%
worst subject?Spanish
29%
What is Harrisons spirit animal?A lioness in the night
14%
What is harrison secretly?an EVIL WITCH
14%
What did harrison step in?Dookie
14%
Who is harrisons celebrity twin?Earthworm sally
14%
When will harrison die?In his bed...tonight...
14%
What are harrisons go to socks?Large chunky alaska socks
14%
What does harrison do in his free time?Study world maps
14%

Score Distribution

Percentile by Number Answered

Percent of People with Each Score

Your Score History

You have not taken this quiz